[Event "POL-chT13 DMP 2 liga corr"]
[Site "Poland"]
[Date "2001.??.??"]
[Round "?"]
[White "Koziura, Miroslaw"]
[Black "Stempka, Krzysztof"]
[Result "1/2-1/2"]
[WhiteElo "2077"]
[BlackElo "1200"]
[PlyCount "100"]
[EventDate "2000.??.??"]
[EventType "team (corr)"]
[EventRounds "14"]
[EventCountry "POL"]
[SourceTitle "Corr 2004"]
[Source "ChessBase"]
[SourceDate "2003.04.28"]
[SourceVersion "3"]
[SourceVersionDate "2003.04.28"]
[SourceQuality "1"]

1. e4 c6 2. d4 d5 3. exd5 cxd5 4. c4 Nf6 5. Nc3 Nc6 6. Nf3 Bg4 7. cxd5 Nxd5 8. Bb5 Rc8 9. h3 Bh5 10. g4 Bg6 11. 0-0 e6 12. Ne5 Bd6 13. Nxd5 exd5 14. Bxc6+ bxc6 15. Nxg6 hxg6 16. Re1+ Kf8 17. Qd3 Qf6 18. Bd2 c5 19. dxc5 Bxc5 20. Be3 d4 21. Bd2 Kg8 22. b4 Bb6 23. Re4 Kh7 24. a4 Qd6 25. a5 Bc7 26. f4 Rhd8 27. Rc1 Rd7 28. Rc5 Kg8 29. Bc1 Qf8 30. Bb2 Rcd8 31. Rc4 g5 32. Rcxd4 Rxd4 33. Rxd4 gxf4 34. Bc3 Rc8 35. Bd2 Qe8 36. Bxf4 Bxf4 37. Rxf4 Qe1+ 38. Kg2 Re8 39. Qd4 a6 40. Rf2 Qe6 41. Rc2 Qe1 42. Qc4 Re6 43. Rf2 g6 44. b5 axb5 45. Qxb5 Qe4+ 46. Kh2 Qe3 47. Qb2 Kf8 48. Qb4+ Kg7 49. Kg2 Qa7 50. Qc3+ f6 1/2-1/2